LEADER 01354nam 22003493 450 001 9910132026403321 005 20160621164949.0 010 $a88-8212-338-3 035 $a(CKB)3400000000018438 035 $a(ItFiC)it 0210184X 035 $a(EXLCZ)993400000000018438 100 $a20110314d2002 uy 0 101 0 $aita 200 13$aLa costanza della ragione$b[electronic resource] $esoggetto, oggetto e testualita? nella poesia del Novecento : con autografi inediti /$fMaria Antonietta Grignani 210 $aNovara $cInterlinea$d2002 215 $a185 p. $cill 225 0$aBiblioteca di Autografo ;$v6 300 $aCollection of articles, writings and papers, some already publ. and now rev. 300 $aIncl. 5 letters to Eugenio Montale (1896-1981), publ. for the first time. 320 $aIncludes bibliographical references. 327 $uhttp://www.ilibri.casalini.it/toc/0210184X.pdf$3TOC 517 $aCostanza della ragione 517 $aLa costanza della ragione : soggetto, oggetto e testualità nella poesia del Novecento : con autografi inediti 517 $aLa costanza della ragione 676 $a851 700 $aGrignani$b Maria Antonietta$0154641 801 0$bItFiC 801 1$bItFiC 906 $aBOOK 912 $a9910132026403321 996 $aLa costanza della ragione$92432738 997 $aUNINA